Любимая классика (Запись № 11172821)

Подробности
000 -МАРКЕР
контрольное поле 02041ncm0a2200385 4500
001 - ИДЕНТИФИКАТОР ЗАПИСИ
контрольное поле RU\NLR\ONIZ\215406
005 - ИДЕНТИФИКАТОР ВЕРСИИ
контрольное поле 20250626044920.0
010 ## - МЕЖДУНАРОДНЫЙ СТАНДАРТНЫЙ НОМЕР КНИГИ (ISBN)
Номер (ISBN) 5-901864-30-1
021 ## - НОМЕР ГОСУДАРСТВЕННОЙ РЕГИСТРАЦИИ
Код страны российская федерация
Номер 06-71
Номер Листа государственной регистраци 06-3
035 ## - ДРУГИЕ СИСТЕМНЫЕ НОМЕРА
Идентификатор записи (NLR Aleph) 011337760
100 ## - ДАННЫЕ ОБЩЕЙ ОБРАБОТКИ
Данные общей обработки 20150528d2005 |||y0rusy50 ca
101 0# - ЯЗЫК РЕСУРСА
Язык текста, звукозаписи и т.д. русский
102 ## - СТРАНА ПУБЛИКАЦИИ ИЛИ ПРОИЗВОДСТВА
Страна публикации российская федерация
125 ## - ПОЛЕ КОДИРОВАННЫХ ДАННЫХ: ЗВУКОЗАПИСИ И НОТНЫЕ ИЗДАНИЯ
Форма изложения нотного текста zx
145 0# - ПОЛЕ КОДИРОВАННЫХ ДАННЫХ: СРЕДСТВО ИСПОЛНЕНИЯ МУЗЫКАЛЬНОГО ПРОИЗВЕДЕНИЯ (УСТАРЕВШЕЕ)
Тип средства исполнения b
200 1# - ЗАГЛАВИЕ И СВЕДЕНИЯ ОБ ОТВЕТСТВЕННОСТИ
Основное заглавие Любимая классика
Общее обозначение материала Ноты
Сведения, относящиеся к заглавию для фп. [в 2 и 4 руки]
Обозначение и номер части Вып. 7
Первые сведения об ответственности сост. Т. Антипова
210 ## - ПУБЛИКАЦИЯ, РАСПРОСТРАНЕНИЕ И ДР.
Место издания, распространения и т.д. Москва
Имя издателя, распространителя и т. д. Золотое руно
Дата издания, распространения и т.д. 2005
215 ## - ФИЗИЧЕСКАЯ ХАРАКТЕРИСТИКА
Специфическое обозначение материала и объем 32 с.
Другие сведения о физической характеристике портр.
Размеры 28 см
327 1# - ПРИМЕЧАНИЯ О СОДЕРЖАНИИ
Текст примечания 1. Adagio: из Сонаты № 6 A dur / К. Ф. Эм. Бах. 2. Грёзы: ор. 15 № 7 / Р. Шуман. 3. Дуэт Лакме и Миллики: из оперы "Лакме" / Л. Делиб. 4. Импровизация: ор. 84 № 5 / Г. Форе. 5. Вальс: ор. 31 № 2 / Ц. Кюи. 6. Грустная песенка / В. Калинников. 7. Осенняя песнь: из цикла "Времена года" / П. Чайковский. 8. Пляска половецких девушек: из оперы "Князь Игорь": для фп. в 4 руки / А. Бородин. 9. Детский марш: для фп. в 4 руки / Ф. Шуберт
606 1# - НАИМЕНОВАНИЕ ТЕМЫ КАК ПРЕДМЕТ
Наименование темы Фортепианная музыка
Хронологический подзаголовок 19-20 вв.
Код системы nlr_sh
606 1# - НАИМЕНОВАНИЕ ТЕМЫ КАК ПРЕДМЕТ
Наименование темы Произведения для фортепиано в 4 руки
Формальный подзаголовок Ноты
Код системы nlr_sh
686 ## - ИНДЕКСЫ ДРУГИХ КЛАССИФИКАЦИЙ
Индекс Щ952.425.4-09я43
Издание LBC/SL
Код системы
686 ## - ИНДЕКСЫ ДРУГИХ КЛАССИФИКАЦИЙ
Индекс Щ954.2я43
Издание LBC/SL
Код системы
701 #1 - ИМЯ ЛИЦА - АЛЬТЕРНАТИВНАЯ ОТВЕТСТВЕННОСТЬ
Системный номер авторитетной/нормативной записи z04790
Начальный элемент ввода Антипова
Часть имени, кроме начального элемента ввода Т. Е.
Расширение инициалов личного имени Татьяна Евгеньевна
Код отношения Составитель
Графика поля Кириллица
790 #1 - ИМЯ ЛИЦА - АЛЬТЕРНАТИВНАЯ ФОРМА
Системный номер авторитетной/нормативной записи z04701
Начальный элемент ввода Antipova
Часть имени, кроме начального элемента ввода T.
Расширение инициалов личного имени Tat`jana
Код отношения Составитель
Графика поля Латинская
801 #0 - ИСТОЧНИК ЗАПИСИ
Страна российская федерация
Организация NLR
Дата составления 20150528
Правила каталогизации PSBO
801 #1 - ИСТОЧНИК ЗАПИСИ
Страна российская федерация
Организация NLR
Дата составления 20150528
Источник данных rusmarc
801 #2 - ИСТОЧНИК ЗАПИСИ
Страна российская федерация
Организация NLR
Дата составления 20190630
852 ## - МЕСТОНАХОЖДЕНИЕ И ШИФР ХРАНЕНИЯ
Идентификатор организации NLR
Наименование фонда или коллекции (Sub-Location Identifier) М
Шифр хранения (Call Number) К-3/22949(7)
Страна
Номер экземпляра 1
852 ## - МЕСТОНАХОЖДЕНИЕ И ШИФР ХРАНЕНИЯ
Идентификатор организации NLR
Наименование фонда или коллекции (Sub-Location Identifier) М
Шифр хранения (Call Number) К-3/22949(7)а
Страна
Номер экземпляра 2
942 ## - ДОПОЛНИТЕЛЬНЫЕ ЭЛЕМЕНТЫ ЗАПИСИ (АБИС)
Тип экземпляра АБИС Ноты
980 ## - КОЛЛЕКЦИЯ
Название коллекции Национальная библиография
980 ## - КОЛЛЕКЦИЯ
Название коллекции Отдел нот и звукозаписей
Экземпляры
Тип экземпляра Дата поступления Библиотека постоянного хранения Библиотека текущего хранения Место хранения Шифр хранения Статус не для выдачи
Ноты 28.05.2015 РНБ (Московский) РНБ (Московский) Фонд нот и звукозаписей К-3/22949(7) К-3/22949(7)  
Ноты 28.05.2015 РНБ (Московский) РНБ (Московский) Фонд нот и звукозаписей К-3/22949(7)а К-3/22949(7)а